Statistiques concernant Livres par synonymes n°2

Cliquez ici pour prendre le quiz!

Statistiques générales

  • Ce quiz a été pris 416 fois
  • Le résultat moyen est 4 sur 10

Statistiques - réponses

Titres détournésTitres% Correct
En quête des secondes égaréesA la recherche du temps perdu
76%
L'InconnuL'Etranger
73%
La Citadelle de ma génitriceLe Château de ma mère
68%
Le PingreL'Avare
65%
Trente-cinq jours en montgolfièreCinq semaines en ballon
29%
Le Crépuscule du goupilLa Nuit du renard
27%
... et l’Énorme NectarineJames et la Grosse Pêche
26%
Les Congés d'Ulysse CareauteLes Vacances d'Hercule Poirot
18%
Autobiographie d'une muleMémoires d'un âne
15%
L'Épiderme d'âneLa Peau de chagrin
12%

Distribution des résultats

Percentile par nombre de réponses

% des personnes avec chaque résultat

Votre développement - résultats

Vous n’avez pas pris ce quiz